000 00834nam a2200205Ii 4500
003 JO-AjNU
008 230605s9999||||xx |||||||||||||| ||und||
040 _aJO-AjNU
_bara
_erda
_cJO-AjNU
041 _aara
050 1 4 _aHN761.2.S3 1981
100 3 _aعبده، سمير,
_eauthor
_97814
245 0 0 _aتحديث الوطن العربي بين الميكانيكية العقلية والميكانيكية الخرافية= Modernization of Arab Homel and Between Rational Mechanism and Mythical Mechanism
250 _aط1
264 3 1 _aبيروت: دار الافاق الجديدة، 1981
300 _a136ص
_bيحتوي على ببلوغرافية من 130-136ص
336 _atext
_btxt
_2rdacontent
337 _aunmediated
_bn
_2rdamedia
338 _avolume
_bnc
_2rdacarrier
650 4 _aالمجتمع العربي
_97815
999 _aA470
_c4038
_d4038